Geografía de Chile

Guardat en:
Dades bibliogràfiques
Autor principal: Cunill Grau, Pedro (Autor)
Format: Llibre
Idioma:espanyol
Publicat: Santiago Universitaria 1979
Edició:10a. ed
Matèries:
Etiquetes: Afegir etiqueta
Sense etiquetes, Sigues el primer a etiquetar aquest registre!

MARC

LEADER 00000nam a2200000 a 4500
001 UCU2009
003 CL-VaPUC
008 960419e19790000CL |||||||||||||||||spa|d
082 0 4 |a 918.3  |b CUN  |2 21 
100 0 |a Cunill Grau, Pedro  |e author  |9 357836 
245 1 0 |a Geografía de Chile 
250 |a 10a. ed 
300 |a 557 p 
942 |c BK 
945 |d 19960419 00:00:00  |a lriquelm 
260 |a Santiago  |b Universitaria  |c 1979 
650 0 |a Geografía  |9 259346 
650 0 |a Ciudades  |9 265474 
650 0 |a Geografía urbana  |9 267904 
650 0 |a Zonas rurales  |9 317366 
650 0 |a Industrias   |9 263688 
651 7 |a CHILE  |2 CL-VaPUC  |9 357837 
583 |a last modification  |c 20180404 10:44:34  |k Rodrigo Vera 
999 |c 246416  |d 246414 
952 |0 0  |1 0  |4 0  |6 918_300000000000000_CUN_1979  |7 0  |8 A  |9 261372  |a BIBING  |b BIBING  |d 2019-11-19  |i 2017938  |o 918.3 CUN 1979  |p 2017938  |r 2025-01-20  |w 2019-11-19  |y BK  |k GEO 
952 |0 0  |1 0  |4 0  |6 918_300000000000000_CUN_1979  |7 0  |8 A  |9 261373  |a BIBING  |b BIBING  |d 2019-11-19  |i 2017687  |o 918.3 CUN 1979  |p 2017687  |r 2025-01-20  |w 2019-11-19  |y BK  |k GEO 
952 |0 0  |1 0  |4 0  |6 918_300000000000000_CUN_1979  |7 0  |8 A  |9 261375  |a BIBING  |b BIBING  |d 2019-11-19  |i 2017857  |o 918.3 CUN 1979  |p 2017857  |r 2025-01-20  |w 2019-11-19  |y BK  |k GEO 
952 |0 0  |1 0  |4 0  |6 918_300000000000000_CUN_1979  |7 0  |8 A  |9 261376  |a BIBHIS  |b BIBHIS  |d 2019-11-19  |i 136541K  |o 918.3 CUN 1979  |p 136541K  |r 2025-01-20  |w 2019-11-19  |y BK  |k HIS 
952 |0 0  |1 0  |4 0  |6 918_300000000000000_CUN_1979  |7 0  |8 A  |9 261377  |a BIBHIS  |b BIBHIS  |d 2019-11-19  |i 1365428  |l 2  |o 918.3 CUN 1979  |p 1365428  |r 2025-01-20  |s 2022-09-27  |w 2019-11-19  |y BK  |k HIS